Tres ideas de lo moderno en la concepción del hogar Bogotá años cincuenta (Registro nro. 73685)

Detalles MARC
000 -ENCABEZADO
Número de control [NR] 01033nam a2200241Ia 4500
005 - FECHA Y HORA DE LA ÚLTIMA TRANSACCIÓN
control field 20240718142630.0
008 - DE LONGITUD FIJA DE DATOS DE ELEMENTOS - INFORMACIÓN GENERAL
Elementos de longitud fija [NR] 130821s2008 ck ao gr spa
020 ## - NUMERO INTERNACIONAL NORMALIZADO PARA LIBROS [R]
Número Internacional Normalizado del libro [NR] 978 958 701 976 6
040 ## - FUENTE DE CATALOGACION [NR]
Agencia de catalogación original [NR] Co-BoUCM
Idioma de catalogación [NR] spa
Quien Cataloga Sandra Yazo (modificó)
Quien Clasifica Sandra Yazo (modificó)
041 00 - CODIGO DE IDIOMA [R]
Código de idioma para texto/pista de sonido o título separado [R] Español
082 04 - NUMERO DE CLASIFICACION DECIMAL DEWEY [R]
Número de clasificación [R] 729.24
Número de la edición [NR] 20
100 1# - ASIENTO PRINCIPAL--NOMBRE PERSONAL [NR]
Nombre personal [NR] Gómez, Luz Mariela
ID Autoridad 143218
245 10 - MENCION DE TITULO [NR]
Título [NR] Tres ideas de lo moderno en la concepción del hogar Bogotá años cincuenta
Mención de responsabilidad, etc. [NR] Luz Mariela Gómez
260 ## - PUBLICACION, DISTRIBUCION, ETC. (PIE DE IMPRENTA) [R]
Lugar de publicación, distribución, etc. [R] Bogotá (Colombia)
Nombre del editor, distribuidor, etc. [R] Universidad Nacional de Colombia
Fecha de publicación, distribución, etc. [R] 2008
300 ## - DESCRIPCION FISICA [R]
Extensión [R] 215 páginas
Otros detalles físicos [NR] ilustraciones, fotografías
490 ## - MENCION DE SERIE [R]
Mención de serie [R] Punto aparte
650 ## - ASIENTO SECUNDARIO DE MATERIA - TERMINO TEMATICO [R]
Término temático o nombre geográfico como elemento de entrada [NR] Arquitectura doméstica
Subdivisión geográfica [R] Bogotá (Colombia)
Subdivisión cronológica [R] Siglo XX
9 (RLIN) 9401
650 ## - ASIENTO SECUNDARIO DE MATERIA - TERMINO TEMATICO [R]
Término temático o nombre geográfico como elemento de entrada [NR] Arquitectura
9 (RLIN) 7290
650 ## - ASIENTO SECUNDARIO DE MATERIA - TERMINO TEMATICO [R]
Término temático o nombre geográfico como elemento de entrada [NR] Decoración de interiores
Subdivisión geográfica [R] Bogotá (Colombia)
Subdivisión cronológica [R] Siglo XX
9 (RLIN) 12503
650 ## - ASIENTO SECUNDARIO DE MATERIA - TERMINO TEMATICO [R]
Término temático o nombre geográfico como elemento de entrada [NR] Vivienda
Subdivisión general [R] Arquitectura
Subdivisión geográfica [R] Bogotá (Colombia)
Subdivisión cronológica [R] Siglo XX
9 (RLIN) 26342
710 1# - ASIENTO SECUNDARIO - NOMBRE CORPORATIVO [R]
Nombre corporativo o de jurisdicción como elemento de entrada [NR] Universidad Nacional de Colombia
Unidad subordinada [R] Facultad de Artes.
9 (RLIN) 141804
942 ## - ELEMENTOS DE ENTRADA AGREGADOS (KOHA)
Tipo de ítem principal el descrito en 300a Libro
Tema principal 17
Edición 1
Parte restante de la signatura top. G569t
Sistema de clasificación DEWEY
Clasificación 729.24
Existencias
Suprimido Perdido Sistema de clasificación Dañado No prestable Tipo de ítem específico Ubicación habitual Ubicación actual Localización Fecha de creación Forma de adquisición Costo Total préstamos Signatura topográfica Código de barras Última vez visto Fecha de último préstamo Ejemplar Price effective from Tipo de ítem Nota pública (OPAC)
    DEWEY     Libro Archivo Histórico Archivo Histórico Archivo histórico 28/02/2013 Donación 26000.00 1 729.24 G569t 100113895 20/12/2018 23/04/2012 Ej.1 03/02/2013 Libro TRANSFERENCIA CRAI C4